| 000 | 00415nam a2200133 a 4500 | ||
|---|---|---|---|
| 001 | 000023918 | ||
| 005 | 20200930022553.0 | ||
| 008 | 110117s19uu dr 000 0 spa d | ||
| 040 |
_aDO-SdBNP _bspa _cPNPHU |
||
| 100 |
_aHernández de Sepúlveda, Daysi _943749 |
||
| 245 | 0 |
_aTu felicidad conyugal / _cDaysi Hernández de Sepúlveda. |
|
| 260 |
_aSanto Domingo, : _bImpresora Mella, _c19uu. |
||
| 300 |
_a125 p. ; _c18 cm. |
||
| 999 |
_c23414 _d23414 |
||